| 000 | 00498cam a2200217ua 4500 | ||
|---|---|---|---|
| 001 | 8779 | ||
| 005 | 20260515114357.0 | ||
| 008 | 150214n ii |||gr||||Z||||||eng | ||
| 020 | _a9788186706831 | ||
| 040 | _cMAIN | ||
| 041 | _aeng | ||
| 082 | _a823N | ||
| 100 |
_aPhukan, M., _eAuthor. |
||
| 245 | 1 |
_aCollector`s wife _cBy Mitra Phukan |
|
| 250 | _a1st. | ||
| 260 |
_aNew Delhi: _bPenguin, _c2005. |
||
| 300 | _a348p. | ||
| 653 | _aEnglish fiction | ||
| 653 | _aEnglish novels | ||
| 942 | _cBK | ||
| 999 |
_c7870 _d7870 |
||